000 00321nam a2200157Ia 4500
100 _aRajkamal
650 _aEmbedded
942 _cBK
366 _f25
245 _aEmbedded systems
260 _bTata Mc Graw hill Ltd.
_c2008
082 _a3.3
_bRAJ
300 _a681
546 _aENGLISH
_cPAMPHALETS
999 _c22767
_d22767